| 000 | 00455nam a2200169 i 4500 | ||
|---|---|---|---|
| 001 | 34046 | ||
| 003 | ES-MaACL | ||
| 005 | 20230906154852.0 | ||
| 007 | t| | ||
| 008 | 030204s1962 sp ||||1| spa d | ||
| 100 | 1 |
_aBlanco González, Bernardo. _929261 |
|
| 245 | 1 | 0 |
_aDel cortesano al discreto / _cBernardo Blanco González. |
| 260 |
_aMadrid : _bGredos, _c[1962] |
||
| 300 | _a1 v. | ||
| 505 | 8 | _aContiene: V. I. | |
| 852 |
_aES-MaACL _jB-4742 _bR.50997 |
||
| 999 |
_c34046 _d34046 |
||